Pemasaran getah pekebun-pekebun kecil di Semenanjung Malaysia : suatu kajian mengenai peranan MARDEC /
Saved in:
| Main Author: | |
|---|---|
| Format: | Thesis Book |
| Language: | Malay |
| Published: |
1979.
|
| Subjects: | |
| Tags: |
Add Tag
No Tags, Be the first to tag this record!
|
| LEADER | 01062cam a2200265 4500 | ||
|---|---|---|---|
| 001 | u80088 | ||
| 003 | SIRSI | ||
| 008 | 881021s1979 my t 00 1 may m | ||
| 035 | |a AAI-7143 | ||
| 040 | |a UMM | ||
| 043 | |a a-my--- | ||
| 090 | |a HD9161 |b M42Mohth | ||
| 091 | |a Microfiche 12904 | ||
| 100 | 0 | 0 | |a Mohd. Taib Hashim. |
| 245 | 1 | 0 | |a Pemasaran getah pekebun-pekebun kecil di Semenanjung Malaysia : |b suatu kajian mengenai peranan MARDEC / |c oleh Mohd. Taib bin Hashim. |
| 260 | |c 1979. | ||
| 300 | |a xiii, 163, [48] leaves ; |c 28 cm. | ||
| 500 | |a Also available on microfiche. Kuala Lumpur : Perpustakaan Universiti Malaya, 1997. 3 fiches : negative ; 11x15 cm. | ||
| 502 | |a Thesis (D.P.A.) -- Fakulti Ekonomi dan Pentadbiran , Universiti Malaya, 1979. | ||
| 610 | 2 | 0 | |a Perbadanan Kemajuan Getah Malaysia Bhd. |
| 650 | 0 | |a Rubber industry and trade |z Malaysia. | |
| 650 | 0 | |a Rubber |z Malaysia |x Marketing. | |
| 948 | |a 17/03/1991 |b 25/11/2000 | ||
| 596 | |a 1 | ||
| 999 | |a HD9161 M42MOHTH |w LC |c 1 |i A010452012 |d 29/10/2009 |e 29/10/2009 |l STACKS |m P01UTAMA |n 18 |r Y |s Y |t TESIS |u 5/6/1992 | ||
